| 000 | 00947nam a2200289 i 4500 | ||
|---|---|---|---|
| 003 | EG-GICUC | ||
| 005 | 20260121101504.0 | ||
| 008 | 251215s1929 ne ||||fr ||| 00| 0 fre d | ||
| 040 |
_aEG-GICUC _cEG-GICUC _dEG-GICUC _erda _bfre |
||
| 041 | 0 | _afre | |
| 082 | 0 | 4 |
_221 _a341.22 _bPH . R |
| 092 | 0 | 4 | _221 |
| 099 | _aLaw1 11 341.22 PH . R 1929 | ||
| 100 | 1 |
_aPhilipse,A.H _eAuteur |
|
| 245 | 1 | 2 |
_aLe Rôle Du Conseil De La Société Des Nations Dans Le Règlement Pacifique Des Différends Internationaux / _cA.H.Philipse . |
| 264 | 0 |
_aLa Haye : _bMartinus Nijhoff , _c1929 . |
|
| 300 |
_a295 Pages; _c30 cm. |
||
| 336 |
_atext _2rda content |
||
| 337 |
_aComputer _2rda media |
||
| 338 |
_aOnline Resource _2rda carrier |
||
| 546 | _aTexte en français | ||
| 650 | 0 | 4 | _aDroit international public |
| 650 | 0 | 4 | _aSociété des Nations |
| 856 | _uhttps://fll.law.cu.edu.eg/fulltext/th/B11-05038.pdf | ||
| 905 | _a59 | ||
| 942 |
_2ddc _cBK _e21 _n0 |
||
| 999 |
_c50536 _d50536 |
||